[Event "Madrid ch Super Veteranos 2018"]
[Site "Madrid ESP"]
[Date "2018.01.23"]
[Round "2.5"]
[White "Bravo Plaza, Luis"]
[Black "Ramos Isasi, Jose"]
[Result "1-0"]
[WhiteElo "1922"]
[BlackElo "1760"]
[PlyCount "95"]
[EventDate "2018.01.22"]
[EventType "swiss"]
[EventRounds "7"]
[EventCountry "ESP"]
[SourceTitle "Ajedrez en Madrid"]
[Source "lmi"]
[SourceDate "2018.01.22"]
[SourceVersion "1"]
[SourceVersionDate "2018.01.28"]
[SourceQuality "1"]

1. e4 c6 2. d4 d5 3. Nc3 dxe4 4. Nxe4 Bf5 5. Ng3 Bg6 6. Nf3 Nd7 7. Bc4 e6 8.
O-O Ngf6 9. Re1 Be7 10. a4 h6 11. Bb3 O-O 12. Qe2 Nd5 13. c3 Bd6 14. Ne5 Bxe5
15. dxe5 Qc7 16. a5 b5 17. f4 Rab8 18. Bc2 Bxc2 19. Qxc2 c5 20. Qe4 c4 21. f5
Nc5 22. Qg4 Nd3 23. Re4 Nxe5 24. Rxe5 Qxe5 25. Bxh6 Qf6 26. Bg5 Qe5 27. Kh1
Rfe8 28. f6 Nxf6 29. Qh4 Rb7 30. Rf1 Nh7 31. Bf4 Qd5 32. Nh5 Qd3 33. Kg1 e5 34.
Re1 Rbe7 35. Be3 Re6 36. Ng3 Nf8 37. Nh5 Ng6 38. Qg5 Qd8 39. Qf5 Nh4 40. Qh3
Rg6 41. Ng3 f5 42. Nxf5 Nxg2 43. Qxg2 Rxg2+ 44. Kxg2 Qxa5 45. Re2 Qc7 46. h4
Qc6+ 47. Kh2 Rf8 48. Ne7+ 1-0

[Event "Madrid ch Super Veteranos 2018"]
[Site "Madrid ESP"]
[Date "2018.01.23"]
[Round "2.6"]
[White "Cruz Gonzalez, Antonio"]
[Black "Vinas Lopez, Carlos"]
[Result "0-1"]
[WhiteElo "1766"]
[BlackElo "1884"]
[PlyCount "106"]
[EventDate "2018.01.22"]
[EventType "swiss"]
[EventRounds "7"]
[EventCountry "ESP"]
[SourceTitle "Ajedrez en Madrid"]
[Source "lmi"]
[SourceDate "2018.01.22"]
[SourceVersion "1"]
[SourceVersionDate "2018.01.28"]
[SourceQuality "1"]

1. e4 c5 2. Nf3 e6 3. d4 cxd4 4. Nxd4 Nf6 5. Nc3 Nc6 6. Ndb5 Bc5 7. Nd6+ Ke7 8.
Nxc8+ Rxc8 9. Bd3 Ne5 10. h3 d5 11. O-O dxe4 12. Nxe4 Nxd3 13. Qxd3 Qxd3 14.
cxd3 Bd4 15. Nd2 Rc2 16. Rb1 Rd8 17. Nb3 Bb6 18. d4 Bxd4 19. Nxd4 Rxd4 20. Be3
Ra4 21. Rfc1 Rxc1+ 22. Rxc1 Nd5 23. a3 Ra6 24. Bd4 f6 25. g3 e5 26. Bc5+ Ke6
27. Kf1 Rc6 28. Ke2 b6 29. Be3 Rxc1 30. Bxc1 e4 31. f3 f5 32. h4 h5 33. Bg5 Ke5
34. Bd2 Kd4 35. Bc1 Kc4 36. fxe4 fxe4 37. b4 Kb3 38. Kd2 b5 39. Kd1 e3 40. Ke2
Kc2 41. Bxe3 Nxe3 42. Kxe3 Kb3 43. Kf4 Kxa3 44. Kg5 Kxb4 45. Kg6 a5 46. Kxg7 a4
47. Kg6 a3 48. Kxh5 a2 49. g4 a1=Q 50. g5 Qh8+ 51. Kg4 Kc5 52. g6 Qh6 53. h5 b4
0-1

[Event "Madrid ch Super Veteranos 2018"]
[Site "Madrid ESP"]
[Date "2018.01.23"]
[Round "2.7"]
[White "Garcia Esteban, Ignacio"]
[Black "Fernandez- Bujarrabal V., Pedro"]
[Result "1-0"]
[WhiteElo "1871"]
[BlackElo "1536"]
[PlyCount "83"]
[EventDate "2018.01.22"]
[EventType "swiss"]
[EventRounds "7"]
[EventCountry "ESP"]
[SourceTitle "Ajedrez en Madrid"]
[Source "lmi"]
[SourceDate "2018.01.22"]
[SourceVersion "1"]
[SourceVersionDate "2018.01.28"]
[SourceQuality "1"]

1. e4 e5 2. Nf3 Nc6 3. Bb5 a6 4. Ba4 Nf6 5. O-O Be7 6. Re1 b5 7. Bb3 O-O 8. c3
d5 9. exd5 Nxd5 10. d4 exd4 11. Nxd4 Nxd4 12. Qxd4 Be6 13. Qd1 Re8 14. a4 Bg5
15. Na3 c6 16. c4 Nc7 17. Qxd8 Bxd8 18. Bf4 g5 19. Bd6 f6 20. Bxc7 Bxc7 21.
Rxe6 Rxe6 22. cxb5 Kf7 23. Re1 Be5 24. Bxe6+ Kxe6 25. b6 Kd7 26. Nc4 Rb8 27.
Nxe5+ fxe5 28. a5 Kd6 29. b4 Kd5 30. Rc1 h6 31. Kf1 Rc8 32. Ke2 h5 33. f3 Kd6
34. Ke3 Ke6 35. b7 Rb8 36. Rxc6+ Kd5 37. Rb6 Kc4 38. Ke4 g4 39. fxg4 hxg4 40.
g3 Kc3 41. Kxe5 Kc4 42. Kd6 1-0

[Event "Madrid ch Super Veteranos 2018"]
[Site "Madrid ESP"]
[Date "2018.01.23"]
[Round "2.8"]
[White "Martinez Rubio, Felipe"]
[Black "Lopez Heras, Arturo"]
[Result "0-1"]
[WhiteElo "1754"]
[BlackElo "1859"]
[PlyCount "82"]
[EventDate "2018.01.22"]
[EventType "swiss"]
[EventRounds "7"]
[EventCountry "ESP"]
[SourceTitle "Ajedrez en Madrid"]
[Source "lmi"]
[SourceDate "2018.01.22"]
[SourceVersion "1"]
[SourceVersionDate "2018.01.28"]
[SourceQuality "1"]

1. d4 c5 2. e3 Nf6 3. Nf3 e6 4. Bd3 d5 5. c3 Nc6 6. Nbd2 cxd4 7. exd4 Bd6 8.
Qe2 O-O 9. Ne5 Nd7 10. f4 Qh4+ 11. g3 Qh3 12. Ndf3 Bxe5 13. Ng1 Qh6 14. fxe5 g5
15. Qg4 Ncxe5 16. dxe5 Nxe5 17. Qe2 Qf6 18. Be3 Bd7 19. Bd4 Nxd3+ 20. Qxd3 e5
21. Be3 d4 22. cxd4 Bc6 23. d5 Rad8 24. Nh3 Rxd5 25. Qf1 Qg6 26. Qe2 Rfd8 27.
Qg4 Rd3 28. Qxg5 Bxh1 29. Nf2 Rxe3+ 30. Qxe3 Bc6 31. Rd1 Re8 32. Qxa7 Qc2 33.
Qb6 Bf3 34. Qb5 Rc8 35. Qxe5 Bxd1 36. Nxd1 Qc6 37. Qg5+ Kf8 38. Nf2 Qg6 39. Qd2
Rc2 40. Qb4+ Kg7 41. a4 Qe6+ 0-1

[Event "Madrid ch Super Veteranos 2018"]
[Site "Madrid ESP"]
[Date "2018.01.23"]
[Round "2.9"]
[White "Ortega Morales, Pedro"]
[Black "Martinez Carrasco, Jesus"]
[Result "1-0"]
[WhiteElo "1825"]
[BlackElo "1568"]
[PlyCount "87"]
[EventDate "2018.01.22"]
[EventType "swiss"]
[EventRounds "7"]
[EventCountry "ESP"]
[SourceTitle "Ajedrez en Madrid"]
[Source "lmi"]
[SourceDate "2018.01.22"]
[SourceVersion "1"]
[SourceVersionDate "2018.01.28"]
[SourceQuality "1"]

1. d4 Nf6 2. Bf4 g6 3. e3 Bg7 4. Nf3 d5 5. h3 O-O 6. Be2 Nbd7 7. O-O c5 8. c3
Re8 9. Nbd2 b6 10. a3 a5 11. Bb5 Ba6 12. Qe2 c4 13. Bxa6 Rxa6 14. b3 Qc8 15.
bxc4 dxc4 16. a4 Nd5 17. Rfc1 Nxf4 18. exf4 Nf6 19. Qxc4 e6 20. Qxc8 Rxc8 21.
c4 Nd7 22. Rab1 f6 23. Re1 Kf7 24. Ne4 Bf8 25. Nfd2 Ra7 26. Re2 h6 27. h4 f5
28. Nc3 Rac7 29. Nb5 Rb7 30. Rbe1 Rc6 31. d5 exd5 32. cxd5 Rc5 33. d6 Rd5 34.
Nc4 Nc5 35. Nc7 Ne4 36. Nxd5 Nc5 37. Ne5+ Kg7 38. d7 Nxd7 39. Nxd7 Rxd7 40.
Nxb6 Rb7 41. Nc4 Bb4 42. Rd1 Rc7 43. Ne5 Re7 44. Rd7 1-0

[Event "Madrid ch Super Veteranos 2018"]
[Site "Madrid ESP"]
[Date "2018.01.23"]
[Round "2.10"]
[White "Diaz Begonte, Manuel"]
[Black "Perez Cameselle, Francisco"]
[Result "0-1"]
[WhiteElo "1600"]
[BlackElo "1778"]
[PlyCount "110"]
[EventDate "2018.01.22"]
[EventType "swiss"]
[EventRounds "7"]
[EventCountry "ESP"]
[SourceTitle "Ajedrez en Madrid"]
[Source "lmi"]
[SourceDate "2018.01.22"]
[SourceVersion "1"]
[SourceVersionDate "2018.01.28"]
[SourceQuality "1"]

1. e4 g6 2. d4 d6 3. Nc3 Nf6 4. Be2 c5 5. Be3 Qa5 6. f3 Bg7 7. Bb5+ Bd7 8.
Bxd7+ Nbxd7 9. Nge2 O-O 10. O-O cxd4 11. Bxd4 Ne5 12. Rb1 Nc6 13. Be3 a6 14. a3
b5 15. Nf4 Qd8 16. Qd2 Ne5 17. b3 Rc8 18. Nfd5 Nxd5 19. Nxd5 e6 20. Nf4 Qc7 21.
Rfc1 Qc3 22. Nd3 Qxd2 23. Bxd2 Nc6 24. Be3 Nd4 25. Bxd4 Bxd4+ 26. Kf1 Be3 27.
Re1 Bd2 28. Re2 Bh6 29. f4 Rc3 30. g4 Rfc8 31. Rb2 Bg7 32. Ra2 a5 33. Ke1 f5
34. gxf5 gxf5 35. Kd2 fxe4 36. Rxe4 Kf7 37. b4 a4 38. Re3 R3c4 39. Rh3 Kg8 40.
Rh5 d5 41. Rg5 Kf7 42. h3 Bc3+ 43. Ke2 Bf6 44. Rh5 Kg6 45. Re5 Rxc2+ 46. Rxc2
Rxc2+ 47. Kd1 Rc3 48. Kd2 Rxa3 49. Rxe6 Kf5 50. Rb6 Bc3+ 51. Kc2 Bd4 52. Rxb5
Ke4 53. Nc5+ Kxf4 54. Ne6+ Ke5 55. Nc7 Rc3+ 0-1

[Event "Madrid ch Super Veteranos 2018"]
[Site "Madrid ESP"]
[Date "2018.01.23"]
[Round "2.11"]
[White "Quintero Cuervo, Edgar"]
[Black "Martinez De La Puente, Ignacio"]
[Result "1/2-1/2"]
[WhiteElo "1557"]
[BlackElo "1752"]
[PlyCount "118"]
[EventDate "2018.01.22"]
[EventType "swiss"]
[EventRounds "7"]
[EventCountry "ESP"]
[SourceTitle "Ajedrez en Madrid"]
[Source "lmi"]
[SourceDate "2018.01.22"]
[SourceVersion "1"]
[SourceVersionDate "2018.01.28"]
[SourceQuality "1"]

1. d4 d5 2. c4 c6 3. cxd5 cxd5 4. Nc3 Nc6 5. e3 Nf6 6. Be2 Bf5 7. Nf3 e6 8. Bd2
Rc8 9. Rc1 Bd6 10. Qb3 Qe7 11. O-O h6 12. h3 Ne4 13. Nb5 Nxd2 14. Nxd6+ Qxd6
15. Nxd2 Rc7 16. Rc3 O-O 17. Rfc1 Rfc8 18. Qd1 a6 19. a3 Kf8 20. Qa4 Nb8 21.
Rxc7 Rxc7 22. Rxc7 Qxc7 23. Qb4+ Qe7 24. Qc5 Qxc5 25. dxc5 Ke7 26. b4 Bc2 27.
Nf3 f6 28. Kf1 e5 29. Ke1 Kd7 30. Kd2 Ba4 31. Kc3 Nc6 32. Nh4 Ne7 33. Bg4+ Kc7
34. f4 Bd7 35. fxe5 fxe5 36. Bxd7 Kxd7 37. a4 Ke6 38. a5 e4 39. g3 Ke5 40. b5
axb5 41. Kb4 Nc6+ 42. Kxb5 d4 43. exd4+ Kxd4 44. a6 Na7+ 45. Kb6 bxa6 46. Kxa7
Kxc5 47. Kxa6 e3 48. Kb7 e2 49. Nf3 Kd5 50. Kc7 Ke4 51. Ne1 Ke3 52. g4 Kf2 53.
Nd3+ Kg3 54. Kd6 e1=Q 55. Nxe1 Kxh3 56. g5 hxg5 57. Ke6 g4 58. Kf5 Kh4 59. Ng2+
Kg3 1/2-1/2

[Event "Madrid ch Super Veteranos 2018"]
[Site "Madrid ESP"]
[Date "2018.01.23"]
[Round "2.12"]
[White "Corredor Gonzalez, Angel L"]
[Black "Abad Martin-Camunas, Luis"]
[Result "1-0"]
[WhiteElo "1745"]
[BlackElo "1408"]
[PlyCount "75"]
[EventDate "2018.01.22"]
[EventType "swiss"]
[EventRounds "7"]
[EventCountry "ESP"]
[SourceTitle "Ajedrez en Madrid"]
[Source "lmi"]
[SourceDate "2018.01.22"]
[SourceVersion "1"]
[SourceVersionDate "2018.01.28"]
[SourceQuality "1"]

1. e4 c5 2. Nc3 Nc6 3. f4 d6 4. Nf3 g6 5. Bc4 e6 6. O-O Bg7 7. a3 Nge7 8. Qe1
O-O 9. d3 a6 10. f5 d5 11. exd5 exd5 12. Bb3 Bxf5 13. Bg5 f6 14. Bh4 b5 15. Bf2
c4 16. dxc4 dxc4 17. Ba2 Bxc2 18. Qe6+ Kh8 19. Rfe1 Qc7 20. Bc5 Bf5 21. Qe3
Rfe8 22. Rad1 Bd3 23. Qe6 Nd8 24. Qe3 Ndc6 25. Bb6 Qd7 26. Qc5 Nf5 27. Ne4 Rac8
28. Qf2 Qb7 29. Nfd2 Re5 30. g4 Rce8 31. gxf5 Bxe4 32. Nxe4 Rxe4 33. Rxe4 Rxe4
34. Bb1 Re8 35. fxg6 hxg6 36. Bxg6 Rf8 37. Qh4+ Kg8 38. Qh7# 1-0

[Event "Madrid ch Super Veteranos 2018"]
[Site "Madrid ESP"]
[Date "2018.01.23"]
[Round "2.14"]
[White "Rodriguez Bachiller, Luis"]
[Black "Rodriguez Agarrabeitia, Juan A"]
[Result "1-0"]
[WhiteElo "1634"]
[BlackElo "1294"]
[PlyCount "71"]
[EventDate "2018.01.22"]
[EventType "swiss"]
[EventRounds "7"]
[EventCountry "ESP"]
[SourceTitle "Ajedrez en Madrid"]
[Source "lmi"]
[SourceDate "2018.01.22"]
[SourceVersion "1"]
[SourceVersionDate "2018.01.28"]
[SourceQuality "1"]

1. e4 c5 2. Nf3 d6 3. d4 cxd4 4. Qxd4 Nc6 5. Bb5 Nf6 6. Nc3 Bd7 7. Bxc6 Bxc6 8.
Bg5 e5 9. Qd3 Be7 10. Rd1 O-O 11. Bxf6 Bxf6 12. Qxd6 Qxd6 13. Rxd6 Be7 14. Rd3
Rad8 15. Nxe5 Rxd3 16. cxd3 Bf6 17. Nxc6 bxc6 18. Kd2 Bg5+ 19. Kc2 Bf6 20. f4
Bxc3 21. bxc3 Rb8 22. Rb1 Re8 23. Rb7 a5 24. Ra7 g6 25. Rxa5 Kg7 26. a4 h6 27.
Rc5 Rc8 28. a5 Kf6 29. a6 Rc7 30. d4 Ke7 31. d5 Kd6 32. Rxc6+ Kd7 33. Rxc7+
Kxc7 34. d6+ Kc8 35. d7+ Kxd7 36. a7 1-0

[Event "Madrid ch Super Veteranos 2018"]
[Site "Madrid ESP"]
[Date "2018.01.23"]
[Round "2.15"]
[White "Arroyo Fraile, Mario"]
[Black "Tome Salvador, Jose Antonio"]
[Result "0-1"]
[WhiteElo "1533"]
[BlackElo "1620"]
[PlyCount "111"]
[EventDate "2018.01.22"]
[EventType "swiss"]
[EventRounds "7"]
[EventCountry "ESP"]
[SourceTitle "Ajedrez en Madrid"]
[Source "lmi"]
[SourceDate "2018.01.22"]
[SourceVersion "1"]
[SourceVersionDate "2018.01.28"]
[SourceQuality "1"]

1. c4 c5 2. Nc3 Nc6 3. g3 d6 4. Bg2 g6 5. Nf3 Bg7 6. Rb1 Rb8 7. a3 Bd7 8. O-O
Ne5 9. d3 Nxf3+ 10. Bxf3 Nf6 11. Ne4 Nxe4 12. Bxe4 O-O 13. Bd2 b5 14. b4 cxb4
15. axb4 Qc8 16. Qc1 Bc6 17. Bg2 Qb7 18. Bxc6 Qxc6 19. Be3 a6 20. cxb5 Qxb5 21.
Bh6 Rfc8 22. Qe3 Rc7 23. Bxg7 Kxg7 24. Rfc1 Rbc8 25. Rxc7 Rxc7 26. Qd4+ f6 27.
e4 Rb7 28. Qc4 a5 29. Qxb5 Rxb5 30. Kf1 Rxb4 31. Ra1 a4 32. h4 Kf7 33. Ke1 Ke6
34. f4 d5 35. exd5+ Kxd5 36. Ra3 Kd4 37. Ke2 e5 38. fxe5 fxe5 39. Kf3 h5 40.
Kg2 Ke3 41. Kf1 Kd2 42. Kf2 Kc2 43. Ra2+ Kxd3 44. Re2 e4 45. Re3+ Kc2 46. Re2+
Kb3 47. Ke3 a3 48. Kf4 a2 49. Re1 Ra4 50. Re3+ Kc2 51. Re2+ Kd1 52. Rxa2 Rxa2
53. Kxe4 Ra5 54. Kf4 Ke2 55. g4 Ra4+ 56. Kg5 0-1

[Event "Madrid ch Super Veteranos 2018"]
[Site "Madrid ESP"]
[Date "2018.01.24"]
[Round "3.1"]
[White "Ciuro Munoz, Ricardo"]
[Black "Garcia Esteban, Ignacio"]
[Result "1-0"]
[WhiteElo "1986"]
[BlackElo "1871"]
[PlyCount "41"]
[EventDate "2018.01.22"]
[EventType "swiss"]
[EventRounds "7"]
[EventCountry "ESP"]
[SourceTitle "Ajedrez en Madrid"]
[Source "lmi"]
[SourceDate "2018.01.22"]
[SourceVersion "1"]
[SourceVersionDate "2018.01.28"]
[SourceQuality "1"]

1. e4 c5 2. Nf3 Nc6 3. d4 cxd4 4. Nxd4 Nf6 5. Nc3 d6 6. Bc4 e6 7. Bb3 Be7 8.
O-O O-O 9. Bg5 a6 10. Kh1 Na5 11. f4 Nxb3 12. axb3 Bd7 13. Qf3 Bc6 14. Nxc6
bxc6 15. Qd3 a5 16. Rad1 Qc7 17. Bxf6 gxf6 18. Rf3 Kh8 19. Rh3 Rg8 20. e5 f5
21. exd6 1-0

[Event "Madrid ch Super Veteranos 2018"]
[Site "Madrid ESP"]
[Date "2018.01.24"]
[Round "3.2"]
[White "Lopez Heras, Arturo"]
[Black "Bravo Plaza, Luis"]
[Result "1-0"]
[WhiteElo "1859"]
[BlackElo "1922"]
[PlyCount "53"]
[EventDate "2018.01.22"]
[EventType "swiss"]
[EventRounds "7"]
[EventCountry "ESP"]
[SourceTitle "Ajedrez en Madrid"]
[Source "lmi"]
[SourceDate "2018.01.22"]
[SourceVersion "1"]
[SourceVersionDate "2018.01.28"]
[SourceQuality "1"]

1. e4 c5 2. Nf3 Nc6 3. d4 cxd4 4. Nxd4 e5 5. Nxc6 bxc6 6. Nc3 Nf6 7. Be2 Bb4 8.
Qd3 O-O 9. O-O d5 10. Bg5 Bxc3 11. bxc3 Be6 12. Qf3 h6 13. Bxf6 gxf6 14. Rfd1
Qe7 15. Rab1 Rab8 16. Qe3 Kg7 17. f4 dxe4 18. fxe5 fxe5 19. Rb4 f5 20. Qg3+ Qg5
21. Qxe5+ Qf6 22. Qg3+ Qg5 23. Rxb8 Rxb8 24. Qxb8 Qe3+ 25. Kf1 f4 26. Qe5+ Kf7
27. Bh5+ 1-0

[Event "Madrid ch Super Veteranos 2018"]
[Site "Madrid ESP"]
[Date "2018.01.24"]
[Round "3.3"]
[White "Vinas Lopez, Carlos"]
[Black "Campos Calvo-Sotelo, Juan"]
[Result "1-0"]
[WhiteElo "1884"]
[BlackElo "1851"]
[PlyCount "107"]
[EventDate "2018.01.22"]
[EventType "swiss"]
[EventRounds "7"]
[EventCountry "ESP"]
[SourceTitle "Ajedrez en Madrid"]
[Source "lmi"]
[SourceDate "2018.01.22"]
[SourceVersion "1"]
[SourceVersionDate "2018.01.28"]
[SourceQuality "1"]

1. d4 b5 2. e4 a6 3. Nf3 e6 4. Bd3 c5 5. c3 Bb7 6. O-O Nf6 7. Qe2 Nc6 8. Bg5
Qb6 9. d5 Ne7 10. dxe6 dxe6 11. a4 c4 12. Bc2 Ng6 13. axb5 axb5 14. Rxa8+ Bxa8
15. Nbd2 Be7 16. Ra1 O-O 17. Nd4 Ne5 18. Be3 Neg4 19. Nf5 Bc5 20. Bxc5 Qxc5 21.
Nd4 e5 22. Nf5 g6 23. Ng3 Bc6 24. h3 Nh6 25. Ngf1 Nh5 26. Qe3 Qxe3 27. Nxe3 Ra8
28. Rxa8+ Bxa8 29. g3 Kf8 30. b3 cxb3 31. Bxb3 f5 32. Bd5 Bxd5 33. Nxd5 Nf7 34.
exf5 gxf5 35. Nc7 Nd6 36. Nf3 e4 37. Nd4 Nf6 38. Ncxb5 Nxb5 39. Nxb5 Ne8 40.
Kf1 Ke7 41. Ke2 Kf6 42. Ke3 Ke5 43. c4 h5 44. c5 Kd5 45. Nd6 Nxd6 46. cxd6 Kxd6
47. Kf4 Ke6 48. Kg5 Ke5 49. h4 Ke6 50. Kxh5 Kf6 51. Kh6 f4 52. gxf4 Kf5 53. h5
Kxf4 54. Kg6 1-0

[Event "Madrid ch Super Veteranos 2018"]
[Site "Madrid ESP"]
[Date "2018.01.24"]
[Round "3.4"]
[White "Gonzalez Rivera, Eduardo"]
[Black "Estrada Martinez, Cesar"]
[Result "1-0"]
[WhiteElo "2014"]
[BlackElo "2001"]
[PlyCount "45"]
[EventDate "2018.01.22"]
[EventType "swiss"]
[EventRounds "7"]
[EventCountry "ESP"]
[SourceTitle "Ajedrez en Madrid"]
[Source "lmi"]
[SourceDate "2018.01.22"]
[SourceVersion "1"]
[SourceVersionDate "2018.01.28"]
[SourceQuality "1"]

1. e4 c5 2. Nf3 g6 3. d4 cxd4 4. Nxd4 Bg7 5. Nc3 Nc6 6. Be3 Nf6 7. Nb3 O-O 8.
Be2 d6 9. f4 Be6 10. g4 Na5 11. g5 Nd7 12. Bd4 Bxd4 13. Nxd4 Bc4 14. h4 Rc8 15.
h5 e5 16. hxg6 fxg6 17. Bxc4+ Rxc4 18. Ne6 Qb6 19. Nxf8 Rd4 20. Nxd7 Rxd1+ 21.
Rxd1 Qe3+ 22. Ne2 h5 23. Rd3 1-0

[Event "Madrid ch Super Veteranos 2018"]
[Site "Madrid ESP"]
[Date "2018.01.24"]
[Round "3.5"]
[White "Pashov, Spas Nikolov"]
[Black "Fernandez Garcia, Ignacio"]
[Result "1-0"]
[WhiteElo "1844"]
[BlackElo "1858"]
[PlyCount "39"]
[EventDate "2018.01.22"]
[EventType "swiss"]
[EventRounds "7"]
[EventCountry "ESP"]
[SourceTitle "Ajedrez en Madrid"]
[Source "lmi"]
[SourceDate "2018.01.22"]
[SourceVersion "1"]
[SourceVersionDate "2018.01.28"]
[SourceQuality "1"]

1. e4 e6 2. d4 d5 3. Nd2 Nf6 4. e5 Nfd7 5. Bd3 c5 6. c3 Nc6 7. Ne2 cxd4 8. cxd4
Be7 9. O-O b6 10. a3 a5 11. Nb1 Ba6 12. Nbc3 Bxd3 13. Qxd3 Na7 14. Bd2 O-O 15.
Rfc1 f6 16. Nf4 Qb8 17. Nxe6 Rf7 18. Nxd5 Bd8 19. Nxd8 Qxd8 20. e6 1-0

[Event "Madrid ch Super Veteranos 2018"]
[Site "Madrid ESP"]
[Date "2018.01.24"]
[Round "3.7"]
[White "Fernandez- Bujarrabal V., Pedro"]
[Black "Rueda Maria, Ramiro"]
[Result "1/2-1/2"]
[WhiteElo "1536"]
[BlackElo "1827"]
[PlyCount "63"]
[EventDate "2018.01.22"]
[EventType "swiss"]
[EventRounds "7"]
[EventCountry "ESP"]
[SourceTitle "Ajedrez en Madrid"]
[Source "lmi"]
[SourceDate "2018.01.22"]
[SourceVersion "1"]
[SourceVersionDate "2018.01.28"]
[SourceQuality "1"]

1. e4 e5 2. Nf3 Nc6 3. Bb5 d6 4. d4 Bd7 5. Bc4 Be7 6. O-O exd4 7. Nxd4 Bf6 8.
Be3 Nge7 9. Nc3 O-O 10. Qd2 Ne5 11. Be2 Be6 12. Nxe6 fxe6 13. Rad1 Qe8 14. Nb5
Qc6 15. f3 Nc4 16. Bxc4 Qxc4 17. Nd4 Bxd4 18. Bxd4 e5 19. Bf2 Ng6 20. b3 Qe6
21. Qd5 Qxd5 22. exd5 Rf7 23. Rfe1 Raf8 24. Re4 Rf4 25. Rde1 a6 26. c4 b6 27.
Bg3 R4f5 28. a4 a5 29. R1e2 Kf7 30. Kf2 Kf6 31. Ke1 Ke7 32. Kd2 1/2-1/2

[Event "Madrid ch Super Veteranos 2018"]
[Site "Madrid ESP"]
[Date "2018.01.24"]
[Round "3.8"]
[White "Beekhof Harmsen, Willen"]
[Black "Ortega Morales, Pedro"]
[Result "0-1"]
[WhiteElo "1543"]
[BlackElo "1825"]
[PlyCount "86"]
[EventDate "2018.01.22"]
[EventType "swiss"]
[EventRounds "7"]
[EventCountry "ESP"]
[SourceTitle "Ajedrez en Madrid"]
[Source "lmi"]
[SourceDate "2018.01.22"]
[SourceVersion "1"]
[SourceVersionDate "2018.01.28"]
[SourceQuality "1"]

1. Nf3 Nf6 2. g3 d5 3. Bg2 c5 4. d3 Nc6 5. O-O e6 6. b3 Be7 7. Bb2 O-O 8. Re1
b6 9. Nbd2 Bb7 10. e4 d4 11. Nc4 Qc7 12. a4 Rfd8 13. Nfd2 a6 14. f4 b5 15. axb5
axb5 16. Na3 Qb6 17. e5 Nd5 18. Bxd5 Rxd5 19. Qg4 Rdd8 20. Ne4 Kh8 21. Ng5 Bxg5
22. Qxg5 Nb4 23. f5 Qc6 24. Re4 exf5 25. Qxf5 Qh6 26. Rh4 Qe3+ 27. Kf1 Qf3+ 28.
Qxf3 Bxf3 29. Rf4 Bd5 30. Ke2 Re8 31. Kd2 Rab8 32. Re1 Nc6 33. c4 dxc3+ 34.
Bxc3 b4 35. Nc4 bxc3+ 36. Kxc3 Bxc4 37. dxc4 Nxe5 38. Rfe4 f6 39. g4 Kg8 40. g5
Kf7 41. h4 Nf3 42. g6+ hxg6 43. Rxe8 Rxe8 0-1

[Event "Madrid ch Super Veteranos 2018"]
[Site "Madrid ESP"]
[Date "2018.01.24"]
[Round "3.9"]
[White "Perez Cameselle, Francisco"]
[Black "Martinez Rubio, Felipe"]
[Result "0-1"]
[WhiteElo "1778"]
[BlackElo "1754"]
[PlyCount "52"]
[EventDate "2018.01.22"]
[EventType "swiss"]
[EventRounds "7"]
[EventCountry "ESP"]
[SourceTitle "Ajedrez en Madrid"]
[Source "lmi"]
[SourceDate "2018.01.22"]
[SourceVersion "1"]
[SourceVersionDate "2018.01.28"]
[SourceQuality "1"]

1. Nf3 Nf6 2. g3 g6 3. Bg2 Bg7 4. O-O O-O 5. d3 d5 6. Nbd2 c5 7. e4 dxe4 8.
dxe4 Nc6 9. c3 b6 10. Re1 e5 11. Qc2 Qc7 12. Nc4 b5 13. Ne3 Rd8 14. a4 b4 15.
Nd2 Be6 16. Bf1 Qe7 17. Bb5 Na5 18. Ndc4 Nxc4 19. Bxc4 Bxc4 20. Nxc4 Qe6 21.
Qe2 h6 22. f3 Nd7 23. Ne3 Kh7 24. Nd5 Rdc8 25. cxb4 cxb4 26. Nxb4 Qb6+ 0-1

[Event "Madrid ch Super Veteranos 2018"]
[Site "Madrid ESP"]
[Date "2018.01.24"]
[Round "3.10"]
[White "Martin Rodriguez, Jose Luis"]
[Black "Cruz Gonzalez, Antonio"]
[Result "1/2-1/2"]
[WhiteElo "1302"]
[BlackElo "1766"]
[PlyCount "108"]
[EventDate "2018.01.22"]
[EventType "swiss"]
[EventRounds "7"]
[EventCountry "ESP"]
[SourceTitle "Ajedrez en Madrid"]
[Source "lmi"]
[SourceDate "2018.01.22"]
[SourceVersion "1"]
[SourceVersionDate "2018.01.28"]
[SourceQuality "1"]

1. c4 e5 2. Nc3 f5 3. e4 Nf6 4. d3 Bb4 5. a3 Bxc3+ 6. bxc3 O-O 7. exf5 d5 8. d4
Bxf5 9. cxd5 Qxd5 10. Be2 Nc6 11. Nf3 exd4 12. Nxd4 Nxd4 13. Qxd4 Qxd4 14. cxd4
Rae8 15. Be3 Nd5 16. Bc4 Be6 17. Bxd5 Bxd5 18. O-O b5 19. Rfc1 c6 20. Re1 Rf6
21. Bg5 Rfe6 22. Rxe6 Rxe6 23. Be3 Kf7 24. Re1 Rg6 25. g3 Re6 26. Bd2 Be4 27.
Re3 Ke7 28. f3 Bg6 29. Rxe6+ Kxe6 30. Kf2 Kd5 31. Ke3 c5 32. dxc5 Kxc5 33. Bb4+
Kc4 34. h4 Bf7 35. Ke4 Bd5+ 36. Kf4 Kd4 37. Kg4 Ke3 38. f4 Ke4 39. Bc3 a5 40.
Bxa5 Be6+ 41. Kg5 Bf7 42. h5 h6+ 43. Kh4 Kf5 44. Bc7 g5+ 45. hxg6 Kxg6 46. Be5
h5 47. g4 hxg4 48. Kxg4 Be6+ 49. Kf3 Kf5 50. Ke3 Bd7 51. Kd4 Be8 52. Kc5 Bd7
53. Kd6 Be8 54. Kc7 Ke6 1/2-1/2

[Event "Madrid ch Super Veteranos 2018"]
[Site "Madrid ESP"]
[Date "2018.01.24"]
[Round "3.11"]
[White "Ramos Isasi, Jose"]
[Black "Corredor Gonzalez, Angel L"]
[Result "1-0"]
[WhiteElo "1760"]
[BlackElo "1745"]
[PlyCount "61"]
[EventDate "2018.01.22"]
[EventType "swiss"]
[EventRounds "7"]
[EventCountry "ESP"]
[SourceTitle "Ajedrez en Madrid"]
[Source "lmi"]
[SourceDate "2018.01.22"]
[SourceVersion "1"]
[SourceVersionDate "2018.01.28"]
[SourceQuality "1"]

1. d4 Nf6 2. c4 e5 3. dxe5 Ng4 4. Nf3 Bc5 5. e3 Nc6 6. Nc3 Ngxe5 7. Be2 O-O 8.
O-O a5 9. b3 Ra6 10. Bb2 Nxf3+ 11. Bxf3 Ne5 12. Ne4 Nxf3+ 13. Qxf3 Ba7 14. Rad1
f5 15. Ng3 Qg5 16. Qd5+ Kh8 17. e4 c6 18. Qd6 Re8 19. Nxf5 c5 20. Qd5 Rg6 21.
g3 Ree6 22. f4 Qg4 23. Nh4 Qxh4 24. Rf2 Rg4 25. f5 Rh6 26. Be5 Qe7 27. Rdf1 d6
28. f6 Rxf6 29. Rxf6 gxf6 30. Bxf6+ Qxf6 31. Rxf6 1-0